Hidden Neighbors of Cent. Afr. Rep. Quiz Stats

 Plays Quiz not verified by Sporcle

Support Sporcle.
Go Orange.
Score 0/6 Timer 01:00
1 Play Today
% Correct
Chad
93.3%
Democratic Republic of the Congo
92.6%
South Sudan
90.7%
Cameroon
90%
Sudan
89.1%
Republic of the Congo
83.8%

You're not logged in!

Compare scores with friends on all Sporcle quizzes.
OR
Log In

From the Vault

Put a Name to a Face III

by MSUKent

Not recommended for people who say 'you know, that guy' when asked who stars in movies.
Remove Ads.
Support Sporcle.
Get the best of Sporcle when you Go Orange. This ad-free experience offers more features, more stats, and more fun while also helping to support Sporcle. Thank you for becoming a member.

Show Comments

Extras

Top Quizzes Today


Score Distribution

Your Account Isn't Verified!

In order to create a playlist on Sporcle, you need to verify the email address you used during registration. Go to your Sporcle Settings to finish the process.

Report this User

Report this user for behavior that violates our Community Guidelines.

Details: